LEADER 02691nam 2200541 a 450 001 9910208829703321 005 20200520144314.0 010 $a1-119-96693-0 010 $a1-119-96590-X 010 $a9786613688859 010 $a1-119-96589-6 010 $a1-280-77846-6 010 $a1-119-96692-2 035 $a(CKB)4330000000002628 035 $a(MiAaPQ)EBC945184 035 $a(Au-PeEL)EBL945184 035 $a(CaPaEBR)ebr10575640 035 $a(CaONFJC)MIL368885 035 $a(OCoLC)796383248 035 $a(PPN)170252663 035 $a(EXLCZ)994330000000002628 100 $a20111128d2012 uy 0 101 0 $aeng 135 $aurcn||||||||| 181 $2rdacontent 182 $2rdamedia 183 $2rdacarrier 200 10$aAdvanced computational dynamics of particles, materials and structures$b[electronic resource] $e[a unified approach] /$fJason Har and Kumar K. Tamma 210 $aWest Sussex [England] $cJohn Wiley & Sons$d2012 215 $axxiv, 686 p. $cill 311 $a0-470-74980-6 320 $aIncludes bibliographical references and index. 327 $apt. 1. N-body dynamical systems -- pt. 2. Continuous-body dynamical systems -- pt. 3. The time dimension. 330 $a"Advanced Computational Dynamicsof Particles, Materials, and Structures: A Unified Approach breaks new ground with its in-depth, detailed coverage of modern computational mechanics in particle and continuum dynamics. Kumar Tamma provides a unique blend of classical and innovative theoretical and computational approaches that cover both particle dynamics and flexible continuum structural dynamics applications. He covers both traditional methods and new developments & perspectives in both time and space discretization, encompassing classical Newtonian, Lagrangian, and Hamiltonian mechanics as well as new and alternate contemporary approaches and their equivalences to address various problems in engineering sciences and physics. The completeness and depth of coverage makes Advanced Computational Dynamics of Particles, Materials, and Structures an invaluable reference for both engineers and researchers working in the field of computational mechanics"--$cProvided by publisher. 606 $aDynamics 606 $aDynamics$xData processing 615 0$aDynamics. 615 0$aDynamics$xData processing. 676 $a531/.163 700 $aHar$b Jason$0961740 701 $aTamma$b Kumar K$0961741 801 0$bMiAaPQ 801 1$bMiAaPQ 801 2$bMiAaPQ 906 $aBOOK 912 $a9910208829703321 996 $aAdvanced computational dynamics of particles, materials and structures$92180336 997 $aUNINA LEADER 02547nam 2200445 450 001 9910830667903321 005 20231007214643.0 010 $a1-68367-171-6 035 $a(CKB)4100000010871168 035 $a(NjHacI)994100000010871168 035 $a(EXLCZ)994100000010871168 100 $a20231007d2014 uy 0 101 0 $aeng 135 $aur||||||||||| 181 $ctxt$2rdacontent 182 $cc$2rdamedia 183 $acr$2rdacarrier 200 00$aMicrobial Source Tracking /$fedited by Jorge W. Santo Domingo, M. J. Sadowsky 210 1$aWashington, District of Columbia :$cJohn Wiley & Sons, Inc.,$d2014. 215 $a1 online resource (xiii, 285 pages) $cillustrations 311 $a1-119-73833-4 327 $aFecal pollution, public health and microbial source tracking / Jill Stewart, Jorge W. Santo Domingo, and Timothy J. Wade -- Assumptions and limitations associated with microbial source tracking methods / Valerie J. Harwood -- Molecular detection and characterization tools / Suresh D. Pillai and Everardo Vega -- Molecular subtyping, source tracking, and food safety / Thomas S. -- Whittam and Teresa M. Bergholz Shellfish and microbial source tracking / John Scott Meschke and David Boyle -- Statistical issues in microbial source identification / Jayson D. Wilbur and John E. Whitlock -- Application of microbial source tracking to human health and national security / Cindy H. Nakatsu, Peter Pesenti, and Albert Rhodes -- The future of microbial source tracking studies / Michael J. Sadowsky, Douglas R. Call, and Jorge W. Santo Domingo. 330 $aMicrobial Source Tracking presents a state-of-the-art review of the current technology and applications being utilized to identify sources of fecal contamination in waterways. This unique reference will be useful for environmental microbiologists and researchers in the food industry, especially scientists investigating etiological agents responsible for food contamination. 606 $aMicrobial toxins 606 $aMicroorganisms 606 $aPathogenic microorganisms$xDetection 606 $aDiagnostic microbiology 615 0$aMicrobial toxins. 615 0$aMicroorganisms. 615 0$aPathogenic microorganisms$xDetection. 615 0$aDiagnostic microbiology. 676 $a616.90475 702 $aSanto Domingo$b Jorge W. 702 $aSadowsky$b M. J. 801 0$bNjHacI 801 1$bNjHacl 906 $aBOOK 912 $a9910830667903321 996 $aMicrobial Source Tracking$93982469 997 $aUNINA